Stati attraversati dal Tropico del Cancro - Statistics

Statistiche generali
  • Questo quiz è stato fatto 15 volte
  • Il punteggio medio è 12 su 16
Statistiche sulle risposte
Continente Stato % Corretto
Africa Egitto
100%
Asia India
100%
America del Nord Messico
100%
Africa Algeria
92%
Asia Arabia Saudita
92%
Asia Cina
92%
Africa Libia
92%
AfricaAfrica Mali
83%
Africa Niger
83%
Africa Mauritania
75%
Asia Oman
67%
Asia Bangladesh
58%
Asia Birmania
58%
Asia Emirati Arabi Uniti
58%
Asia Taiwan
42%
America del Nord Bahamas
25%
Nessun quiz corrispondente trovato
Distribuzione punteggi
Percentuale di utenti per punteggio
Percentile per numero di risposta
I tuoi punteggi nel tempo
Non hai fatto questo quiz